000 00303nam a22001337a 4500
003 OSt
005 20250620101051.0
007 11 pages
008 250620b |||||||| |||| 00| 0 eng d
040 _c
245 _aIS:12032(PART 3)-1987
_cB.I.S
260 _bINDIAN STANDARDS
_c2019
942 _2ddc
_cRB
_n0
999 _c36226
_d36226